000
00449nam a2200181Ia 4500
008
090123s9999 xx 000 0 und d
082
_b
3710
100
_a
विजयश्री
245
_a
जोडी हंस
250
_a
1
260
_c
1974
300
_a
222
600
_a
विजयश्री
630
_a
जोडी हंस
700
_a
विजयश्री
730
_a
जोडी हंस
942
_c
BOOK
999
_c
41789
_d
41789